Ďalšie vzdelávanie učiteľov základných škôl a stredných škôl v predmete informatika maturita z informatiky : línia aktivity: Didaktika informatiky a informatickej výchovy : moderné vzdelávanie pre vedomostnú spoločnosť

Bibliographic Details
Main Authors: Blaho, Andrej, 1957- (Author), Kučera, Peter (Author), Hanulová, Eva (Author)
Format: Book
Language:Slovak
PhysicalDescription:40 s. sch. 29 cm
Published: Bratislava Štátny pedagogický ústav 2010
ISBN:9788081180941
Edition:1. vyd.
Subjects:

MARC

LEADER 00000cam a2200000 a 4500
001 vtls010292562
003 SK-MaSNL
005 20260301132006.0
008 240314s2010 xo l f 000 0 slo
015 |a SNBA2011/12-06155 
020 |a 9788081180941  |q (brož.) 
035 |a 84CA0A5B-FDE2-490D-8C38-BCB926CAD825 
035 |a urn:nbn:sk:snk-amjxix 
035 |a urn:nbn:sk:snk-am007xvl 
040 |a SNK  |b slo  |c SNK  |e AACR2 
041 0 |a slo 
044 |a xo  |c SK 
072 7 |a 007  |x Teória systémov. Automatické systémy. Kybernetika. Informačné systémy  |2 konspekt 
072 7 |a 377  |x Odborné vzdelávanie  |2 konspekt 
080 |a 377.8  |2 2001 
080 |a 373.5/.6+377.1/.3  |2 2001 
080 |a 005.591  |2 2001 
080 |a 007+004  |2 2001 
080 |a 37.03:[007+004]  |2 2001 
080 |a 373.3  |2 2001 
080 |a 371.279.5/.6  |2 2001 
080 |a (072)  |2 2001 
100 1 |a Blaho, Andrej,  |d 1957-  |4 aut  |9 93125 
245 1 0 |a Ďalšie vzdelávanie učiteľov základných škôl a stredných škôl v predmete informatika  |b maturita z informatiky : línia aktivity: Didaktika informatiky a informatickej výchovy : moderné vzdelávanie pre vedomostnú spoločnosť  |c [Andrej Blaho, Peter Kučera, Eva Hanulová] 
246 3 0 |a Maturita z informatiky 
246 3 0 |a Didaktika informatiky a informatickej výchovy 
246 3 3 |a Vzdelávanie nekvalifikovaných učiteľov informatiky na 2. stupni ZŠ a na SŠ 
250 |a 1. vyd. 
260 |a Bratislava  |b Štátny pedagogický ústav  |c 2010 
300 |a 40 s.  |b sch.  |c 29 cm 
500 |a Vydané v súčinnosti s Univerzitou Pavla Jozefa Šafárika v Košiciach, Univerzitou Komenského v Bratislave, Univerzitou Konštantína Filozofa v Nitre, Univerzitou Mateja Bela v Banskej Bystrici a Žilinskou univerzitou v Žilina 
500 |a Názov z obalu 
504 |a Bibliogr. 39 
650 0 7 |a vzdelávanie učiteľov  |2 SNKPH  |9 4031 
650 0 7 |a stredné školy  |2 SNKPH  |9 1279 
650 0 7 |a Informatics  |2 SNKPHeng  |9 267334 
650 0 7 |a Information education  |2 SNKPHeng  |9 324017 
650 0 7 |a informatika  |2 SNKPH  |9 1124 
650 0 7 |a informačná výchova  |2 SNKPH  |9 66959 
650 0 7 |a základné školy  |2 SNKPH  |9 1280 
650 0 7 |a programy a projekty  |2 SNKPH  |9 82765 
650 0 7 |a maturitné skúšky  |2 SNKPH  |9 66554 
650 0 7 |a Teacher education  |2 SNKPHeng  |9 277890 
650 0 7 |a Programs and projects  |2 SNKPHeng  |9 274896 
650 0 7 |a Elementary schools  |2 SNKPHeng  |9 265049 
650 0 7 |a Secondary schools  |2 SNKPHeng  |9 267200 
650 0 7 |a High school equivalency examinations  |2 SNKPHeng  |9 311553 
655 7 |a metodické príručky  |2 SNKPH  |9 70250 
655 7 |a Methodological manuals  |2 SNKPHeng  |9 270866 
700 1 |a Kučera, Peter  |4 aut  |9 317245 
700 1 |a Hanulová, Eva  |4 aut  |9 317246 
852 |a Štátna vedecká knižnica v Banskej Bystrici 
919 |a 978-80-8118-094-1 
958 |a OND 
958 |a NB 
968 |d 0 
999 |c 749751  |d 751681 
952 |a SNK  |b SNK  |y PREZ  |7 0  |p 17A0705198  |o snkSB 81863  |i snk2011/17027  |8 0  |0 0  |1 0  |4 0  |d 2011-08-08  |f 1  |l 0  |r 2025-05-05 00:00:00  |w 2026-02-23 
952 |a SNK  |b SNK  |y VYP  |7 0  |p 17A0705199  |o snkSB 81863 D1  |i snk2011/17028  |8 0  |0 0  |1 0  |4 0  |d 2011-08-08  |l 0  |r 2016-06-30 00:00:00  |w 2026-02-23